000 00595nam a2200145 a 4500
008 060817s2005 xx |||||||||||||| || u
050 _aTHESIS
100 _aMunalula, Francis
245 1 0 _aSawing accuracy in fabricated small-scale circular sawmills
_cthesis supervised by F.M. Malambo
260 _a
_bCopperbelt University, School of Natural Resources
_c2005
350 _a0.00
650 _aWOOD
650 _aSawmills - Zambia
995 _D0.00
_FCBU-MAIN LIBRARY (Kitwe)
_H1
_I0.00
_M1
_UAVAILABLE
_WAug 17, 2006
_ZUniversity Collection
999 _c56986
_d56986